| 000 | 004410000a22001810004500 | ||
|---|---|---|---|
| 003 | LK-CoMWRAF | ||
| 008 | 230817t ||||| |||| 00| 0 eng d | ||
| 020 | _a9556070133 | ||
| 040 |
_aLK-CoMWRAF _dLK-CoMWRAF _eLK-CoMWRAF |
||
| 041 | _aeng | ||
| 082 |
_a300 _bROS |
||
| 100 | _aRosa, Kumudhini | ||
| 245 |
_aWomen of South Asia _b |
||
| 260 |
_aColombo _bFriedrich Ebert Stutung _c1995 |
||
| 300 | _ap.129 | ||
| 650 | _awomen-SA | ||
| 942 | _cBK | ||
| 999 |
_c188 _d188 |
||